000 00933nam a22002177a 4500
999 _c19776
_d19776
003 AR-CdUCM
008 190521b ||||| |||| 00| 0 spa d
040 _aMUNICIPALIDAD PROVINCIAL DEL CUSCO
_cBIBLIOTECA MUNICIPAL DEL CUSCO
082 _a338.2 /
_bC74
100 _aContreras, Carlos
_941350
245 _aMineros y campesinos en los Andes :
_bmercado laboral y economía campesina en la sierra central siglo XIX /
260 _aLima :
_bIEP,
_c1987.
300 _a178 páginas ;
_c21 cm.
440 _aEstudios históricos
_n12
_941351
505 _aContenido: La minería en el siglo XIX: estado, producción y condiciones regionales -- Formación y características de la fuerza laboral minera -- Trabajo minero estacional y economía campesina.
650 _aMinas y recursos minerales
_97125
650 _aCondiciones económicas
_91989
650 _aCampesinos
_94401
942 _2ddc
_cLIBROS
945 _adavv
_d2019-05-21